000 00285nam a2200121Ia 4500
003 OSt
005 20230828103239.0
008 170523s9999 xx 000 0 und d
040 _cIIMT UNIVERSITY
100 _aJAIN P K
245 0 _aINTERNATIONAL FINANCIAL MANAGEMENT
942 _2ddc
_c02
999 _c10132
_d10132